00494nam a2200181Ia 450000500170000000800410001702000150005808200130007310000170008624500210010326000320012430000150015665000120017165000140018394200060019795200940020399900150029720241118235342.0240331s9999 xx 000 0 und d a0586072705 bEASa823 aEasterman, D 4aThe Ninth Buddha aLondonbGrafton Booksc1989 a491 p .,  aMystery aBuddhisum cL 001040708LaWERCLbWERCLcSSCd2024-03-31l0o 823 EASp624r2024-03-31w2024-03-31yL c3334d3334